000 00447nam a2200145Ia 4500
008 230917s9999||||xx |||||||||||||| ||und||
040 _e48153
_aMAIN
041 _aEnglish
082 _a843.09 L968S
100 _aLukacs, Georg
245 0 _aStudies in European realism : a socialogical survey of the writings of Balzac, Stendhal, Zola, Tolstoy, Gorki and others
260 _aLondon
_bThe Merlin Press
_c1972
300 _a277 p.
942 _cBK
999 _c174905
_d174905